Podniková organizace management. Odborný časopis pro manažery a podnikatele

Guardado en:
Detalles Bibliográficos
Formato: Seriadas
Lenguaje:checo
Publicado: Praha VUSTE-ENVIS
Etiquetas: Agregar Etiqueta
Sin Etiquetas, Sea el primero en etiquetar este registro!

MARC

LEADER 00000nas1a22000001 4500
001 s120215
005 20250708100920.0
022 |a 0032-1869 
041 0 |a cze 
044 |a CZ 
245 1 0 |a Podniková organizace  |b management. Odborný časopis pro manažery a podnikatele 
264 1 |a Praha  |b VUSTE-ENVIS